| 000 | 01097aab a2200217 i 4500 | ||
|---|---|---|---|
| 001 | 768714001 | ||
| 003 | CO-MdFUSB | ||
| 005 | 20250730150725.0 | ||
| 008 | 240404t1989 ag ||||| |||| 00| 0 spa d | ||
| 040 |
_bspa _cCO-MdFUSB |
||
| 041 | _aspa | ||
| 100 | 1 |
_aDeiros, Pablo A. (Alberto) (1945-) _eautor |
|
| 245 | 1 | 0 |
_aReligión de las culturas de la cordillera _c/ Pablo A. Deiros |
| 246 | _aReligión y las culturas de la cordillera | ||
| 300 |
_aVolumen 8, número 4 (diciembre,1989), páginas: 25 - 27 _c; 27 cm |
||
| 520 | _aLas prácticas privadas, de las que no hay muchas noticias, incluían oraciones, sacrificios ocasionales de animales y ofrendas de primicias. Antes de comer o beber se tomaba un poco de comida o bebida y se le ofrecía al ser supremos con una breve oración para que continuara proveyendo esos elementos. El rito público era presidido por un maestro de ceremonias. | ||
| 650 | 7 |
_aReligión y cultura _9388 |
|
| 773 | 0 |
_tIglesia y Misión _049402 _959672 _gVolumen 8, número 4 (diciembre,1989), páginas: 25 - 27 _qpáginas: 25 |
|
| 942 | _cANA | ||
| 945 | _aJTF-925 | ||
| 999 |
_c51857 _d51857 |
||